|
|
|
|
| LEADER |
01188nam a22003252i 4500 |
| 001 |
001595751 |
| 003 |
CZ BrMZK |
| 005 |
20170920142619.0 |
| 007 |
ta |
| 008 |
170920s1948 xr af er|||||||||||eng d |
| 015 |
|
|
|a cnb000711939
|
| 020 |
|
|
|q (Brož.)
|
| 035 |
|
|
|a (OCoLC)12577123
|
| 040 |
|
|
|a ABA001
|b cze
|c PNA001
|d ABA001
|e rda
|d BOA001
|
| 041 |
1 |
|
|a eng
|h cze
|
| 100 |
1 |
|
|a Hendrich, Josef,
|d 1888-1950
|7 jk01040717
|4 aut
|
| 245 |
1 |
0 |
|a Jan Amos Komenský (Comenius) /
|c by Josef Hendrich ; translated from the Czech by Bohdan Goldreich
|
| 250 |
|
|
|a 1st ed.
|
| 264 |
|
1 |
|a Prague :
|b Orbis,
|c 1948
|
| 300 |
|
|
|a 29 stran, obrazové přílohy :
|b ilustrace ;
|c 24 cm
|
| 336 |
|
|
|a text
|b txt
|2 rdacontent
|
| 337 |
|
|
|a bez média
|b n
|2 rdamedia
|
| 338 |
|
|
|a svazek
|b nc
|2 rdacarrier
|
| 504 |
|
|
|a Obsahuje bibliografii
|
| 500 |
|
|
|a Dostupné též v digitální podobě v aplikaci Kramerius
|
| 856 |
4 |
1 |
|u http://www.digitalniknihovna.cz/mzk/uuid/uuid:35b8b8d0-2fd5-11eb-bd18-005056827e51
|y Digitalizovaný dokument
|x NDK
|
| 910 |
|
|
|a BOA001
|b Kn-0219.851
|
| 990 |
|
|
|a BK
|
| 991 |
|
|
|b 201709
|
| 996 |
6 |
|
|b 2619198998
|c Kn-0219.851
|l MZK
|r Sklad / do 1 hodiny
|n 0
|w 001631171
|u 000010
|a 1
|e BOA001
|j MZK50
|s P
|